All Teams to Ever Play in the World Baseball Classic - Sudden Death - Statistics

General Stats
  • This quiz has been taken 55 times
  • The average score is 19 of 23
Answers on the Grid
Answers color-coded by a green-red scale on the quiz's grid according to % correct below.
Australia
Bahamas
Bangladesh
Belarus
Bermuda
Bolivia
Brazil
Canada
China
Chinese Taipei
Colombia
Cuba
Cyprus
Czech Republic
Dominican Republic
Egypt
El Salvador
Estonia
Great Britain
Grenada
Iceland
India
Israel
Italy
Japan
Kuwait
Laos
Liberia
Madagascar
Mexico
Nepal
Netherlands
Nicaragua
North Korea
Panama
Paraguay
Poland
Puerto Rico
Russia
San Marino
Singapore
South Africa
South Korea
Spain
Syria
United Arab Emirates
United States
Vatican City
Venezuela
Vietnam
 
Answer Stats
Answer % Correct
2006, 2009, 2013, 2017, 2023, 2026 United States
93%
2006, 2009, 2013, 2017, 2023, 2026 Australia
91%
2006, 2009, 2013, 2017, 2023, 2026 Canada
91%
2006, 2009, 2013, 2017, 2023, 2026 Cuba
91%
2013, 2026 Brazil
89%
2017, 2023, 2026 Colombia
89%
2006, 2009, 2013, 2017, 2023, 2026 Dominican Republic
89%
2006, 2009, 2013, 2017, 2023, 2026 Japan
89%
2006, 2009, 2013, 2017, 2023, 2026 Mexico
89%
2006, 2009, 2013, 2017, 2023 China
87%
2006, 2009, 2013, 2017, 2023, 2026 Puerto Rico
87%
2006, 2009, 2013, 2017, 2023, 2026 South Korea
87%
2006, 2009, 2013, 2017, 2023, 2026 Venezuela
87%
2006, 2009, 2013, 2017, 2023, 2026 Chinese Taipei
85%
2006, 2009, 2013, 2017, 2023, 2026 Italy
85%
2023, 2026 Great Britain
83%
2006, 2009, 2013, 2017, 2023, 2026 Netherlands
83%
2006, 2009, 2023, 2026 Panama
83%
2017, 2023, 2026 Israel
78%
2023, 2026 Nicaragua
76%
2023, 2026 Czech Republic
70%
2013 Spain
61%
2006, 2009 South Africa
43%
No matching quizzes found
Score Distribution
Percent of People with Each Score
Percentile by Number Answered
Your Score History
You have not taken this quiz